<?xml version="1.0" encoding="UTF-8"?>
<record
    xmlns:xsi="http://www.w3.org/2001/XMLSchema-instance"
    xsi:schemaLocation="http://www.loc.gov/MARC21/slim http://www.loc.gov/standards/marcxml/schema/MARC21slim.xsd"
    xmlns="http://www.loc.gov/MARC21/slim">

  <leader>02186nmm a22002774a 4500</leader>
  <controlfield tag="003">BOLpUSFA</controlfield>
  <controlfield tag="005">20201007012854.0</controlfield>
  <controlfield tag="008">      t        es     gq  d z      spa u</controlfield>
  <datafield tag="020" ind1=" " ind2=" ">
    <subfield code="a">16815653</subfield>
  </datafield>
  <datafield tag="041" ind1=" " ind2=" ">
    <subfield code="a">spa</subfield>
  </datafield>
  <datafield tag="044" ind1=" " ind2=" ">
    <subfield code="c">ES</subfield>
  </datafield>
  <datafield tag="100" ind1=" " ind2=" ">
    <subfield code="a">N&#xFA;&#xF1;ez V&#xE1;squez, Isabel</subfield>
  </datafield>
  <datafield tag="245" ind1=" " ind2=" ">
    <subfield code="a">La ansiedad como variable predictora de la autoestima en adolescentes y su influencia en el proceso educativo y en la comunicaci&#xF3;n = Anxiety as a variable predictive of self-esteem in adolescents and their influence in the educational process and communication</subfield>
    <subfield code="h">[recurso electr&#xF3;nico]</subfield>
  </datafield>
  <datafield tag="260" ind1=" " ind2=" ">
    <subfield code="a">Cadiz: </subfield>
    <subfield code="b">Universidad de C&#xE1;diz, </subfield>
    <subfield code="c">2016.</subfield>
  </datafield>
  <datafield tag="300" ind1=" " ind2=" ">
    <subfield code="a">pp.109-128: </subfield>
    <subfield code="b">gr&#xE1;f.</subfield>
  </datafield>
  <datafield tag="490" ind1=" " ind2=" ">
    <subfield code="v">Revista Iberoamericana de Educaci&#xF3;n = Revista Ibero-americana de Educa&#xE7;&#xE3;o, </subfield>
    <subfield code="a">vol. 71, n&#xFA;m. 2 (15/07/2016).</subfield>
  </datafield>
  <datafield tag="520" ind1=" " ind2=" ">
    <subfield code="a">Este estudio pretende identificar la relaci&#xF3;n existente entre la ansiedad y la autoestima en una muestra de 207 adolescentes de 12-18 a&#xF1;os, debido a la problem&#xE1;tica presente en los Institutos de Educaci&#xF3;n Secundaria donde situaciones de ansiedad se producen diariamente, dificultando la comunicaci&#xF3;n entre alumnos y profesores, as&#xED; como el
desarrollo del curr&#xED;culo de un modo normalizado.
Los factores estudiados son los siguientes: variables sociodemogr&#xE1;ficas como el g&#xE9;nero y el nivel socioecon&#xF3;mico y variables de personalidad como la autoestima, la ansiedad-estado y la ansiedad-rasgo. Los resultados demostraron que existe una relaci&#xF3;n negativa entre la autoestima y la ansiedad, siendo la ansiedad significativa para la predicci&#xF3;n de la autoestima.
Existen diferencias significativas seg&#xFA;n el g&#xE9;nero. Las mujeres presentaron menor nivel de autoestima y mayores niveles de ansiedad-estado y rasgo. El nivel socioecon&#xF3;mico
no present&#xF3; diferencias significativas para cada una de las variables de personalidad objeto de estudio.</subfield>
  </datafield>
  <datafield tag="650" ind1=" " ind2=" ">
    <subfield code="a">Trastorno de ansiedad</subfield>
  </datafield>
  <datafield tag="650" ind1=" " ind2=" ">
    <subfield code="a">Ansiedad</subfield>
  </datafield>
  <datafield tag="653" ind1=" " ind2=" ">
    <subfield code="a">Adolescencia</subfield>
  </datafield>
  <datafield tag="653" ind1=" " ind2=" ">
    <subfield code="a">Problemas de conducta</subfield>
  </datafield>
  <datafield tag="653" ind1=" " ind2=" ">
    <subfield code="a">Autoestima</subfield>
  </datafield>
  <datafield tag="700" ind1=" " ind2=" ">
    <subfield code="a">P&#xE9;rez, Rafael Crism&#xE1;n</subfield>
  </datafield>
  <datafield tag="856" ind1=" " ind2=" ">
    <subfield code="u">http://biblioteca.usfa.edu.bo/cgi-bin/koha/opac-retrieve-file.pl?id=cd634a1ebe63d72019ebc7de0f7a159e</subfield>
  </datafield>
  <datafield tag="942" ind1=" " ind2=" ">
    <subfield code="c">DOCE</subfield>
    <subfield code="z">OPW</subfield>
    <subfield code="2">ddc</subfield>
  </datafield>
  <datafield tag="999" ind1=" " ind2=" ">
    <subfield code="c">3652</subfield>
    <subfield code="d">3652</subfield>
  </datafield>
</record>
